| 000 | 00937nam a22002297a 4500 | ||
|---|---|---|---|
| 999 |
_c15628 _d15628 |
||
| 003 | AR-CdUCM | ||
| 008 | 190429b ||||| |||| 00| 0 spa d | ||
| 020 | _a9972-691-23-3 | ||
| 040 |
_aMUNICIPALIDAD PROVINCIAL DEL CUSCO _cBIBLIOTECA MUNICIPAL DEL CUSCO |
||
| 082 |
_a079.8561 / _bG52 |
||
| 100 |
_aGlave, Luis Miguel. _918558 |
||
| 245 | _aCatalogo de periódicos cusqueños del siglo XIX / | ||
| 260 |
_aCusco : _bCBC. Centro de estudios regionales andinos "Bartolomé de las casas", _c1999. |
||
| 300 |
_a69 páginas ; _c24 cm. |
||
| 440 |
_aArchivos de historia andina. _n34 _934754 |
||
| 500 | _aUniversidad nacional san Antonio Abad del Cusco, Biblioteca central - Hemeroteca - Archivo departamental del Cusco. | ||
| 505 | _aContenido :Periódicos cusqueños del siglo XIX -- Lista de periódicos -- ... | ||
| 650 |
_aPeriódicos. _923804 |
||
| 650 |
_aSiglo XIX. _9971 |
||
| 942 |
_2ddc _cLIBROS |
||
| 945 |
_arum1 _d2019-04-29 |
||